| 000 | 00461nam a2200193Ia 4500 | ||
|---|---|---|---|
| 005 | 20250423100609.0 | ||
| 008 | 250422s9999 xx 000 0 und d | ||
| 020 | _a9781292042572 | ||
| 050 | _aQA 76.6 .V46/ | ||
| 100 | _aVenit, Stewart | ||
| 245 | 0 | _aPrelude to programming : concepts and design | |
| 250 | _a5th ed. | ||
| 260 | _aBoston | ||
| 260 | _bPearson | ||
| 260 | _c2014 | ||
| 300 | _a536 p | ||
| 650 | _aComputer programming. | ||
| 942 | _cBK | ||
| 999 |
_c33788 _d33788 |
||